00385nam a2200121Ia 4500008004100000082001600041100002800057245004400085260004000129365000600169630004400175730004400219100415s9999 xx 000 0 und d b9704a574.9 aParker, Bertha. Morris aThe Golden Treasures Of Natural History ajelliac1941bROW, PETERSON AND CO. b0 aThe Golden Treasures Of Natural History aThe Golden Treasures Of Natural History